Insurance crisis condemned (Record no. 71012)

MARC details
000 -LEADER
fixed length control field 00985cam a2200205 4500
001 - CONTROL NUMBER
control field WB3831-29
008 - FIXED-LENGTH DATA ELEMENTS--GENERAL INFORMATION
fixed length control field 020827n2002 000 0 eng u
035 ## - SYSTEM CONTROL NUMBER
System control number (Sirsi) u119440
245 ## - TITLE STATEMENT
Title Insurance crisis condemned
260 ## - PUBLICATION, DISTRIBUTION, ETC.
Date of publication, distribution, etc. 2002
490 ## - SERIES STATEMENT
Series statement National Federation of Builders Press Release
Volume/sequential designation 21 August 2002, (2)
520 ## - SUMMARY, ETC.
Summary, etc. The National Federation of Builders (NFB) has warned government that the shortage and expense of compulsory employers liability insurance will force small construction companies to trade illegally or face closure. The NFB has called for the Treasury to extend the Pool Re facility to cover employers liability, but no immediate action has been confirmed. www.builders.org.uk/cgi-bin/nfb/newslist.pl?RUN=nfb.regions.shownews&keyf=105
590 ## - LOCAL NOTE (RLIN)
Local note WB
650 ## - SUBJECT ADDED ENTRY--TOPICAL TERM
Topical term or geographic name entry element EMPLOYERS LIABILITY INSURANCE
650 ## - SUBJECT ADDED ENTRY--TOPICAL TERM
Topical term or geographic name entry element CONSTRUCTION INDUSTRY
650 ## - SUBJECT ADDED ENTRY--TOPICAL TERM
Topical term or geographic name entry element NATIONAL FEDERATION OF BUILDERS
650 ## - SUBJECT ADDED ENTRY--TOPICAL TERM
Topical term or geographic name entry element POOL RE
690 ## - LOCAL SUBJECT ADDED ENTRY--TOPICAL TERM (OCLC, RLIN)
Topical term or geographic name as entry element Insurance
9 (RLIN) 6249
942 ## - ADDED ENTRY ELEMENTS (KOHA)
Suppress in OPAC 0
Holdings
Withdrawn status Lost status Source of classification or shelving scheme Damaged status Not for loan Home library Current library Shelving location Date acquired Total Checkouts Full call number Barcode Date last seen Copy number Price effective from Koha item type
    Dewey Decimal Classification     London London News article 27/08/2002   WB3831-29 119440-1001 06/08/2019 1 06/08/2019 News article